|
|
|
|
| LEADER |
00000nab a22000001a 4500 |
| 001 |
vtls010066682 |
| 003 |
SK-MaSNL |
| 005 |
20260304004540.0 |
| 008 |
100218d19370130xo |r|p|||| |000 b|slo |
| 015 |
|
|
|a SNBRRBVU1918-1938
|
| 038 |
|
|
|a SNKBUCL
|
| 038 |
|
|
|a SNKBUVU
|
| 040 |
|
|
|a SNKBUVU
|b slo
|c SNKBUCL
|e AACR2
|
| 041 |
0 |
|
|a slo
|
| 044 |
|
|
|a xo
|c SK
|
| 080 |
|
|
|a 75.071.1
|2 1997
|
| 080 |
|
|
|a 061.4
|2 1997
|
| 245 |
0 |
0 |
|a Výstava J. Vodrážku v Bratislave
|
| 500 |
|
|
|a V rubrike Z kultúrneho života
|
| 600 |
1 |
7 |
|a Vodrážka, Jaroslav,
|d 1894-1984
|2 MM
|9 107246
|
| 610 |
2 |
7 |
|a Bratislavský umelecký kabinet (Bratislava, Slovensko)
|2 snkbucl
|9 101770
|
| 648 |
|
7 |
|a 1937
|2 MM
|9 309326
|
| 650 |
0 |
7 |
|a české maliarstvo
|2 MM
|9 3112
|
| 650 |
0 |
7 |
|a výstavy
|2 snkbucl
|9 2780
|
| 651 |
|
7 |
|a Bratislava (Slovensko)
|2 MM
|
| 655 |
|
7 |
|a správy
|2 snkbucl
|9 70563
|
| 773 |
0 |
|
|t Slovenský denník
|g Roč. 20, č. 24 (30.1.1937), s. 5
|
| 852 |
|
|
|a SNK
|b KIS3GCP
|
| 910 |
|
|
|a snkrbvumm
|
| 958 |
|
|
|a VY
|
| 999 |
|
|
|c 2551908
|d 2553838
|